[Event "Chess24 Legends of Chess"]
[Site "Online"]
[Date "2020.07.18"]
[Round "8.3"]
[White "Giri, Anish"]
[Black "Ivanchuk, Vasyl"]
[Result "0-1"]
[WhiteElo "2731"]
[BlackElo "2686"]
[Annotator "TA"]
[PlyCount "90"]
[EventDate "2020.07.21"]
[EventType "tourn"]
[SourceTitle "playchess.com"]
[Source "ChessBase"]
[SourceQuality "1"]

{[%evp 9,90,53,60,36,44,33,33,34,37,41,39,33,39,39,58,58,58,53,51,21,20,16,25,4,11,8,2,0,0,0,0,0,35,33,29,29,35,29,65,0,0,-14,-17,-20,-19,-27,-16,-46,-37,-34,-37,-78,-8,-16,-16,-15,-8,-47,-43,-49,-46,-44,-44,-150,-145,-232,-222,-287,-277,-567,-536,-541,-547,-526,-537,-29994,-29995,-29995,-695,-29992,-29993,-29996,-29991]} 1. Nf3 Nf6 2. c4 b6 3. d4 Bb7 4. g3 c5 5. d5 b5 6. b3 {A50: Queen's Fianchetto Defence (1 d4 Nf6 2 c4 b6).} g6 7. Bb2 Bg7 8. Bg2 {White is slightly better.} O-O 9. O-O d6 10. Nbd2 {[#]} Re8 $146 ({Predecessor:} 10... b4 11. e4 Nbd7 12. Qc2 Nh5 13. Rfe1 Qc7 14. a4 Rae8 15. Re2 e5 16. dxe6 Rxe6 {½-½ (51) Valgmae,T (2226)-Ehlvest,J (2524) Puhajarve 2015}) 11. Qc2 a6 12. Rfe1 Nbd7 13. e4 e6 14. dxe6 Rxe6 15. Ng5 Re7 16. Rad1 Qc7 17. Nh3 Rae8 18. Nf4 Bh6 19. Qc3 b4 20. Qd3 Bg7 21. f3 Ne5 {[%cal Bd7e5,Be5c6,Bc6d4][%mdl 32]} 22. Qc2 g5 23. Nd3 Nc6 24. Nf1 ({Better is} 24. Qc1 $14) 24... Nd4 $1 $11 {[%cal Rd4c2]} 25. Qf2 {And now Ne3 would win.} g4 26. Bxd4 cxd4 27. Nd2 a5 28. Re2 gxf3 29. Bxf3 Bc8 30. Nf4 Qc5 ({Black should try} 30... Ng4 $17 31. Bxg4 Bxg4) 31. Rf1 Bh6 32. Kh1 Kh8 33. Nd3 Qa7 $36 {[%mdl 2048] Black has the initiative.} 34. Nf4 Ng4 35. Bxg4 $1 Bxg4 36. Ree1 {[#]} (36. Nd5 $1 $15) 36... f5 $1 $17 {[%cal Rf5e4]} 37. exf5 (37. h3 $17 {was worth a try.} Bxf4 38. Qxf4 Bxh3 39. Rf2) 37... Re3 $19 ({Inferior is} 37... Bxf5 38. Rxe7 Rxe7 39. g4 $11) 38. f6 Qf7 {White must now prevent ...Bxf4.} ({And not} 38... Bxf4 39. Qxf4 Bh5 {[#]} 40. Rd1 $1 $16 {[%mdl 512]}) 39. Nd5 $2 (39. h3 {was the only chance.} Bxf4 40. hxg4 Bxg3 41. Rxe3 Bxf2 42. Rxe8+ Qxe8 43. Rxf2) 39... Re2 40. Rxe2 Rxe2 41. Qxd4 Bh3 42. Qh4 Bg2+ {[%mdl 64] Double Attack} 43. Kg1 Bxd2 (43... Qa7+ $142 44. c5 Qxc5+ {[%mdl 64] Double Attack} 45. Qd4 Qxd4+ 46. Ne3 Qxe3+ 47. Rf2 Qxf2#) 44. Rf2 {[#]} Qa7 $1 {[%csl Ge2][%cal Ra7f2]} 45. g4 Bxd5 {Accuracy: White = 58%, Black = 86%.} 0-1

[Event "Chess24 Legends of Chess"]
[Site "Online"]
[Date "2020.07.18"]
[Round "8.3"]
[White "Leko, Peter"]
[Black "Gelfand, Boris"]
[Result "1-0"]
[WhiteElo "2710"]
[BlackElo "2702"]
[Annotator "TA"]
[PlyCount "95"]
[EventDate "2020.07.21"]
[EventType "tourn"]
[SourceTitle "playchess.com"]
[Source "ChessBase"]
[SourceQuality "1"]

{[%evp 10,95,23,23,44,30,37,20,27,25,33,16,22,26,51,35,38,23,65,18,16,0,11,-33,43,13,44,18,25,29,25,24,32,30,25,19,29,32,44,32,39,16,29,-6,34,18,41,12,35,38,45,45,47,48,40,39,46,20,40,31,48,0,45,14,55,13,12,13,12,6,104,112,99,106,108,110,292,278,351,344,389,385,394,392,1505,1172,1414,1421]} 1. e4 c5 2. Nf3 Nc6 3. Bb5 e6 4. O-O Nge7 5. d4 cxd4 6. Nxd4 Ng6 {B30: Sicilian: 2...Nc6 3 Bb5, lines without ...g6.} 7. Be2 Be7 8. Nb3 $5 {[%mdl 4] An interesting side line.} (8. c4 Nxd4 9. Qxd4 O-O 10. Nc3 b6 11. Be3 Bb7 12. Rfd1 Bc6 13. Rac1 f5 14. exf5 Nh4 15. fxe6 Nxg2 16. Nd5 Nxe3 17. Nxe7+ Qxe7 18. Qxe3 dxe6 {½-½ (36) Leko,P (2702)-Gelfand,B (2719) Hengshui 2019}) 8... O-O {The position is equal.} 9. c4 b6 10. Nc3 Bb7 11. Be3 {[#]} Qc7 $146 ({Predecessor:} 11... f5 12. exf5 Rxf5 13. f4 Rf7 14. g3 Nb4 15. Qd2 Na6 16. Rad1 Nc5 17. Nb5 Qc8 18. Nxc5 Bxc5 {1-0 (38) Ivanchuk,V (2728)-Moiseenko,A (2649) Izmir 2016}) 12. Rc1 Nf4 13. Bf3 Rad8 14. Qd2 Ng6 15. Be2 Qb8 16. Rfd1 d6 ({Better is} 16... f5 $15 17. exf5 Rxf5) 17. Nd4 Rfe8 18. Bf1 h6 19. Ndb5 Nge5 20. f3 Nd7 21. Qf2 ({But not} 21. Nxd6 Nc5 $15) 21... Nf6 22. Kh1 Rd7 23. Rd2 Rc8 24. b3 Ne5 25. Nd4 Bf8 26. h3 Rdd8 27. Rdd1 Ng6 28. Bd3 Ne5 29. Bb1 Ned7 30. Nde2 Qa8 31. Nf4 Qb8 32. Bd3 Ne5 33. Bf1 Be7 34. Qg3 Kh8 35. Qf2 Kg8 36. Rc2 Kh8 (36... g5 $5 {[%cal Rg5f4]}) 37. a4 Nc6 38. Rcd2 Nd7 39. Nh5 Nf6 {[#]} (39... g6 $11 {remains equal.} 40. Nf4 Nc5) 40. Nxf6 $1 $16 Bxf6 41. Nb5 {[%cal Rb5d6]} Be7 42. Qg3 $36 {[%mdl 2048] White is in control.} Na5 $2 {Now Black is done in.} (42... e5 $16 {was necessary.}) 43. Nxd6 $18 ({And not} 43. Bd4 e5 $11) 43... Bxd6 44. Rxd6 Rxd6 45. Rxd6 ({Weaker is} 45. Qxd6 Qxd6 46. Rxd6 Kg8 $16) 45... Nxb3 {[#]} 46. Bf4 $1 Re8 $2 {[#]} (46... Qc7 47. Rd3 {[%mdl 64] Discovered Attack} Qc6 48. Rxb3 Qxa4) 47. Be5 $1 {[%csl Ge5][%cal Rg3g7][%mdl 512]} f6 {[#]} 48. Rd7 $1 {[%csl LRb8,LRg7][%mdl 576] Discovered Attack. Accuracy: White = 79%, Black = 70%.} 1-0

[Event "Chess24 Legends of Chess"]
[Site "Online"]
[Date "2020.07.18"]
[Round "8.4"]
[White "Carlsen, Magnus"]
[Black "Nepomniachtchi, Ian"]
[Result "0-1"]
[WhiteElo "2881"]
[BlackElo "2778"]
[Annotator "TA"]
[PlyCount "120"]
[EventDate "2020.07.21"]
[EventType "tourn"]
[SourceTitle "playchess.com"]
[Source "ChessBase"]
[SourceQuality "1"]

{[%evp 14,120,52,44,45,41,41,35,71,49,27,41,52,35,22,12,70,96,100,32,29,36,40,49,48,0,68,-6,-15,-42,-41,-34,-36,-46,-36,-49,-42,-41,-32,-106,-107,-135,-141,-157,-157,-140,-136,-226,-226,-233,-226,-218,-164,-164,-164,-161,-139,-233,-216,-261,-258,-297,-257,-261,-258,-4485,-3446,-4801,-4607,-3127,-3397,-5208,-5699,-2814,-2406,-592,-400,-2997,-2903,-2814,-2708,-2475,0,-1639,-1625,-1475,-400,-5085,-3741,-29962,-2475,-29962,-29966,-29965,-29967,-29967,-29967,-29966,-29968,-29968,-29969,-29964,-29964,-29970,-29968,-29963,-29967,-29947,-5730]} 1. d4 d6 2. e4 g6 3. Nf3 Nf6 4. Bd3 Bg7 5. O-O O-O 6. Re1 c5 7. c3 cxd4 8. cxd4 Bg4 {B07: Pirc Defence: Miscellaneous Systems.} 9. Nbd2 Nc6 10. h3 {[#]} Bh5 $1 $146 {[%mdl 8] White is slightly better. A top novelty.} ({Predecessor:} 10... Bxf3 11. Nxf3 Nd7 12. Be3 Rc8 13. Bf1 Nb4 14. Re2 Nb6 15. a3 Nc6 16. Rc2 Qd7 {½-½ (47) Tiviakov,S (2673)-Shanava,K (2586) Nakhchivan 2012}) 11. g4 Nxg4 $1 12. hxg4 Bxg4 13. Be2 {Strongly threatening d5.} Rc8 14. a3 Qd7 (14... d5 $11) 15. d5 $14 Bxf3 16. Nxf3 ({White should try} 16. Bxf3 $16 Nd4 17. Rb1) 16... Qg4+ {[%mdl 64] [#] Double Attack} 17. Kh2 Ne5 {( -> ...Nxf3+)} 18. Ng5 Qh4+ 19. Kg2 {Threatens to win with Rh1.} Bf6 {[#]} (19... Rxc1 $11 20. Qxc1 Bh6) 20. Rh1 (20. Nxh7 $1 $14 {[%mdl 512]} Qxh7 (20... Kxh7 21. Rh1) 21. Rh1) 20... Rxc1 $1 $11 21. Rxh4 Rxd1 22. Rxd1 {And now f4 would win.} Bxg5 23. Rh3 Rc8 $1 24. Rc3 Rxc3 25. bxc3 $15 {[%mdl 4096] Endgame KRB-KBN} Nd7 26. Rb1 (26. Kg3 $15) 26... Nc5 $17 {Black converts the advantage convincingly.} 27. e5 dxe5 28. a4 Nxa4 29. Rxb7 Nxc3 {[%mdl 64] Double Attack} 30. d6 (30. Bc4 $17) 30... exd6 $19 ({Don't take} 30... Nxe2 31. dxe7 Nf4+ 32. Kf3 $17) 31. Ba6 e4 32. Rxa7 e3 33. fxe3 Bxe3 34. Rc7 Bd4 35. Bc4 (35. Rd7 $17) 35... d5 36. Bb3 Kg7 37. Rd7 Kf6 38. Kf3 Be5 39. Bxd5 $2 (39. Rd8) 39... Nxd5 40. Rxd5 {KR-KB} Kf5 41. Rd7 Ke6 42. Ra7 h5 43. Ra6+ Kf5 44. Ra7 f6 45. Rh7 Bc3 46. Rh8 Be1 47. Re8 Bc3 48. Rh8 Kg5 49. Rc8 Be5 50. Rh8 (50. Rg8 $142 Kh6 51. Rf8) 50... Kh4 51. Kg2 g5 (51... Kg4 $142 52. Ra8 f5 53. Ra6 g5 54. Ra5 Bg3 55. Kg1 f4 56. Ra4 h4 57. Kh1 h3 58. Rd4 Bf2 59. Re4 Kg3 60. Re5 g4 61. Rh5 Be1 62. Re5 Bb4 63. Rb5 Be7 64. Rb7 Bh4 65. Rb3+ f3 66. Rd3 Kf4 67. Rd4+ Kf5 68. Rd2 f2 69. Rd1 Bf6 70. Rc1 Bd4 71. Rb1 g3 72. Rb5+ Kg4 73. Rg5+ Kf3 74. Rf5+ Ke2 75. Re5+ Kd1 76. Rf5 g2+ 77. Kh2 f1=Q 78. Kxh3 Qh1+ 79. Kg4 g1=Q+ 80. Kf4 Qh4+ 81. Kf3 Qgh1#) 52. Ra8 Kg4 {Black mates.} 53. Ra4+ Bf4 54. Ra3 h4 55. Rb3 f5 56. Rb4 h3+ 57. Kf2 Kh5 58. Rb5 Kg6 59. Rb6+ Kf7 60. Kf3 Be5 {Accuracy: White = 56%, Black = 83%.} 0-1

[Event "Chess24 Legends of Chess"]
[Site "Online"]
[Date "2020.07.18"]
[Round "8.4"]
[White "Svidler, Peter"]
[Black "Kramnik, Vladimir"]
[Result "1/2-1/2"]
[WhiteElo "2742"]
[BlackElo "2756"]
[Annotator "TA"]
[PlyCount "97"]
[EventDate "2020.07.21"]
[EventType "tourn"]
[SourceTitle "playchess.com"]
[Source "ChessBase"]
[SourceQuality "1"]

{[%evp 16,97,16,13,32,0,-4,-3,-9,-24,-33,-15,-13,-24,-14,-28,-27,-54,-46,-121,-57,-88,-83,-88,-81,-90,-68,-68,-64,-56,-39,-33,-29,-48,-54,-55,0,0,12,15,41,45,132,115,141,143,199,175,179,47,55,69,296,285,408,420,409,390,489,485,483,466,431,412,602,622,559,598,578,558,1071,1033,1438,1374,12843,12844,12844,12845,12846,0,12841,0,12844,0]} 1. e4 c6 2. d4 d5 3. Nd2 dxe4 4. Nxe4 Nf6 5. Nxf6+ exf6 6. c3 Bd6 7. Bd3 O-O 8. Qc2 Re8+ 9. Be3 h6 {[#] B15: Caro-Kann: 3 Nc3: 3...g6 and 3...dxe4 4 Nxe4 Nf6 5 Nxf6+ exf6.} 10. Nf3 $146 ({Predecessor:} 10. Ne2 Na6 11. O-O Nc7 12. c4 Bg4 13. h3 Bxe2 14. Bxe2 Ne6 15. Rad1 Qc7 16. Bg4 Rad8 17. Rfe1 Bf4 18. Bxf4 Nxf4 19. Rxe8+ Rxe8 {½-½ (58) Svidler,P (2756)-Carlsen,M (2839) Porto Carras 2018}) 10... Bf4 11. Qe2 c5 {The position is equal.} 12. dxc5 Qc7 13. O-O-O Bxe3+ 14. fxe3 Qxc5 15. Nd4 Nc6 16. Nxc6 bxc6 17. Bc4 ({White should play} 17. Rhe1 $15) 17... Be6 (17... Rxe3 $17 18. Rd8+ Kh7) 18. Bxe6 Rxe6 19. Rd3 Rae8 {[%cal Re6e3]} 20. Re1 Qc4 21. b3 Qc5 22. Kb2 Qe5 23. g3 a5 24. Rd4 c5 25. Ra4 Rd6 (25... Qc7 $15) 26. Rc1 $11 Red8 {Hoping for ...Rd2+.} ({Much worse is} 26... Qxe3 $6 27. Qxe3 Rxe3 28. Rxa5 $16) 27. Rc2 Rd3 28. Rxa5 Qe7 (28... Rxe3 $14 29. Qc4 Rc8) 29. e4 Qc7 {[#]} 30. Ra8 $1 {[%mdl 512]} c4 (30... Rxa8 $16 31. Qxd3 Rd8) 31. Rxd8+ $18 Qxd8 {[%mdl 4096] Endgame KQR-KQR} 32. e5 (32. b4 $18) 32... fxe5 33. Qxe5 {Strongly threatening b4.} Rd1 $2 (33... cxb3 $14 34. axb3 Rd5) 34. Re2 ({Weaker is} 34. bxc4 Qb6+ 35. Qb5 Qg1 $14) 34... Qd3 {[#]} (34... Rd2+ $142 35. Rxd2 Qxd2+ 36. Ka3 cxb3 37. axb3 (37. Kxb3 Qd1+ 38. Kb4 Qb1+ 39. Kc5 Qxa2 $11) 37... f6 38. Qe8+ Kh7) 35. Qe8+ $1 Kh7 36. Qe4+ f5 37. Qxd3 cxd3 {KR-KR} 38. Rf2 Re1 39. Rd2 g5 (39... Re2 $142 40. Kc1 Re1+ 41. Rd1 Re2 42. Rxd3 Rxa2) 40. c4 Kg6 41. c5 f4 42. gxf4 g4 43. Rxd3 Re2+ 44. Kc3 Rxh2 45. c6 Rh1 46. Kc2 Rh2+ 47. Kc3 Rh1 $1 {Black hopes to continue with ...Rc1+.} 48. Kc2 Rh2+ $1 49. Kc3 $2 {Accuracy: White = 77%, Black = 48%.} ({White should try} 49. Rd2 $18 Rh5 50. b4) 1/2-1/2

[Event "Chess24 Legends of Chess"]
[Site "Online"]
[Date "2020.07.18"]
[Round "8.4"]
[White "Gelfand, Boris"]
[Black "Leko, Peter"]
[Result "1/2-1/2"]
[WhiteElo "2702"]
[BlackElo "2710"]
[Annotator "TA"]
[PlyCount "101"]
[EventDate "2020.07.21"]
[EventType "tourn"]
[SourceTitle "playchess.com"]
[Source "ChessBase"]
[SourceQuality "1"]

{[%evp 21,101,12,7,15,13,6,39,18,10,3,4,3,18,8,22,8,8,8,20,16,16,12,16,6,12,6,41,46,45,0,24,0,42,48,50,37,37,38,46,10,10,10,13,0,0,0,0,0,0,0,0,0,0,0,0,0,0,0,0,0,0,0,0,0,0,0,0,0,0,0,0,0,0,-1,-1,-1,0,-1,0,-1,0,-1]} 1. d4 Nf6 2. c4 e6 3. Nf3 d5 4. g3 Be7 5. Bg2 O-O 6. O-O dxc4 7. Qc2 a6 8. a4 Bd7 9. Qxc4 Bc6 10. Bg5 Nbd7 11. Nc3 h6 12. Bxf6 {E05: Open Catalan: 5 Nf3 Be7.} Nxf6 13. Rfd1 Rc8 14. a5 {White is slightly better.} Bd5 15. Qd3 c5 {[#]} 16. Nxd5 $146 ({Predecessor:} 16. e4 Bb3 17. Rdc1 cxd4 18. Qxd4 Bc5 19. Qxd8 Rfxd8 20. e5 Ne8 21. Ne1 Rc7 22. Ne4 {1-0 (42) Deepan Chakkravarthy,J (2557)-Varshini,V (2189) New Delhi 2019}) 16... Nxd5 {[%cal Bf6d5,Bd5b4,Bb4a2][%mdl 32]} 17. Qb3 Qc7 18. dxc5 Bxc5 19. Rdc1 Qe7 20. Ne1 Nb4 21. Rc4 Bd6 22. Rac1 Rb8 23. Rd1 {[#] Hoping for Rxd6!} Bc5 24. Qc3 Na2 25. Qb3 Nb4 26. Qc3 Na2 $1 {[%cal Ra2c3]} 27. Qe5 b6 28. axb6 Bxb6 29. Nd3 {[#] Threatens to win with Ra1.} a5 $1 30. Rg4 {[%csl Gg4][%cal Re5g7]} g5 {White should prevent ...f6.The position is equal.} 31. Rc4 Rbc8 32. Rxc8 Rxc8 33. Qb5 Rb8 {aiming for ...Bxf2+!} 34. e3 Nb4 35. Nxb4 Qxb4 36. Qe5 Rd8 37. Rxd8+ Bxd8 38. Bc6 Qe7 39. b3 (39. Kg2 {seems wilder.} Qf6 40. Qb5 g4 41. b3 Kg7 42. Qc5) 39... Qf6 40. Qxf6 Bxf6 $11 {[%mdl 4096] Endgame KB-KB} 41. Kg2 Kg7 42. Kf3 Bc3 43. Ke2 Bb4 44. f4 Bc3 45. Kf3 Bb4 46. h3 Bc3 47. g4 Bb4 48. Ke2 Bc3 49. Kf3 Bb4 50. Ke2 Bc3 51. Kf3 {Accuracy: White = 98%, Black = 94%.} 1/2-1/2

[Event "Chess24 Legends of Chess"]
[Site "Online"]
[Date "2020.07.18"]
[Round "8.4"]
[White "Ivanchuk, Vasyl"]
[Black "Giri, Anish"]
[Result "1/2-1/2"]
[WhiteElo "2686"]
[BlackElo "2731"]
[Annotator "TA"]
[PlyCount "68"]
[EventDate "2020.07.21"]
[EventType "tourn"]
[SourceTitle "playchess.com"]
[Source "ChessBase"]
[SourceQuality "1"]

{[%evp 14,68,6,-7,20,28,26,29,53,62,93,48,82,50,43,24,61,40,60,0,0,-18,-13,-20,-16,-158,-146,-218,-202,-181,-25,-87,-98,-73,-83,-73,-87,-87,-89,-74,-27,-42,-24,-51,-27,-27,-24,-24,-27,-22,-20,-20,0,0,0,-21,0]} 1. Nf3 d5 2. d4 Nf6 3. c4 e6 4. Nc3 Bb4 5. e3 O-O 6. a3 Bxc3+ 7. bxc3 {[%cal Bb2c3,Bc3c4][%mdl 32]} c5 8. Bb2 b6 {E51: Nimzo-Indian: Rubinstein: 4...0-0 5 Nf3 d5.} 9. cxd5 exd5 10. c4 {[#]} cxd4 $146 {White has an edge.} ({Predecessor:} 10... Nbd7 11. cxd5 Bb7 12. Be2 Bxd5 13. dxc5 Nxc5 14. O-O Bc6 15. Nd4 Ba4 16. Qe1 Re8 {0-1 (61) Korobov,A (2694)-Predke,A (2530) Sochi 2015}) 11. Nxd4 Re8 12. Rc1 Bg4 13. f3 Bd7 14. Kf2 Qe7 15. Qd2 Na6 16. Bd3 (16. Nb3 $1 $14) 16... Nc5 $11 17. Bb1 dxc4 18. Rxc4 Rad8 19. Qe2 (19. Rcc1 $11 {keeps the balance.}) 19... Nd5 $36 {[%cal Rd5e3][%mdl 2048] White is under strong pressure.} 20. e4 (20. Bc1 $17 {was worth a try.}) 20... Nf4 $19 21. Qe3 Bb5 $2 (21... Qg5 $19 22. g3 Nh3+ 23. Ke2 {[#]} f5 $1 {[%mdl 512]} 24. Qxg5 Nxg5) 22. Qxf4 (22. Rxc5 $1 $11 {remains equal.} Qxc5 23. Qxf4 Rxd4 24. Bxd4 Qxd4+ 25. Kg3) 22... Bxc4 $17 23. Nf5 Qd7 {Threatens to win with ...Qd2+.} 24. Bxg7 {Strongly threatening Qg4.} Qd2+ ({Don't go for} 24... Nd3+ $2 25. Bxd3 Re6 26. Bxc4 $18) 25. Qxd2 Rxd2+ 26. Kg3 Re6 {aiming for ...Rg6+.} 27. Bc3 Rg6+ 28. Kh4 Rdxg2 {...Kf8 is the strong threat.} 29. Ne7+ {[%mdl 64] [#] Double Attack} Kf8 {[%cal Rg6h6]} 30. Nxg6+ hxg6 31. Kh3 Rg5 {The position is equal.} 32. Kh4 Rg2 33. Kh3 $1 {[%cal Rh3g2]} Rg5 34. Kh4 $1 {[%cal Rh4g5]} Rg2 {White happily takes the draw. Accuracy: White = 70%, Black = 66%.} 1/2-1/2

[Event "Chess24 Legends of Chess"]
[Site "Online"]
[Date "2020.07.18"]
[Round "8.5"]
[White "Nepomniachtchi, Ian"]
[Black "Carlsen, Magnus"]
[Result "1/2-1/2"]
[WhiteElo "2778"]
[BlackElo "2881"]
[Annotator "TA"]
[PlyCount "160"]
[EventDate "2020.07.21"]
[EventType "tourn"]
[SourceTitle "playchess.com"]
[Source "ChessBase"]
[SourceQuality "1"]

{[%evp 9,160,13,26,23,22,12,42,30,27,25,30,6,25,21,37,37,48,46,45,44,55,50,48,49,41,40,75,68,91,77,111,104,99,110,108,107,106,117,102,111,111,41,34,34,33,33,94,115,145,0,0,0,0,0,0,-91,-85,-108,-67,-108,-109,-169,-158,-180,-180,-181,-8,-15,0,-171,0,-17,-22,-18,0,-116,0,-202,0,-902,-229,-226,-225,-221,-202,-195,0,-192,0,-891,0,-146,0,0,0,-274,-267,-411,-409,-370,-289,-433,-315,-373,-253,-408,-398,-343,-273,-473,-472,-417,-316,-278,-279,-299,-294,-545,-140,-544,-517,-774,-760,-1049,-986,-2395,-2127,-5579,-558,-555,0,-2885,0,-506,0,-1993,-1093,-938,0,-1062,0,-639,0,-752,0,-29983,-29984,-29986,-29987,-29987,-29988,-29987,-29988]} 1. c4 e5 2. g3 d5 3. cxd5 Qxd5 4. Nf3 Nc6 5. Nc3 Qd8 6. Bg2 {A20: English Opening: 1...e5.} Nf6 7. b4 a6 8. a3 {White is slightly better.} Bd6 9. Bb2 O-O 10. d3 Re8 11. O-O {[#]} h6 $146 ({Predecessor:} 11... Bg4 12. h3 Bd7 13. Rc1 Qe7 14. e3 Rad8 15. Qe2 h6 16. Rfd1 a5 17. b5 Na7 {1-0 (39) Heimisson,H (2279)-Skovgaard,T (1954) Helsingor 2019}) 12. Rc1 Bf5 13. Nd2 Qd7 14. Re1 Rab8 15. Nde4 Nxe4 16. Nxe4 Bh3 17. Bh1 Nd4 18. Nc5 Bxc5 19. Rxc5 Bg4 20. Rd5 Qe6 21. Bxd4 exd4 22. Rxd4 Bxe2 23. Qd2 Qb6 24. Rh4 g5 25. Re4 ({White should try} 25. Rc4 $1 $16 Bh5 26. h4) 25... Rxe4 $14 26. dxe4 Bg4 27. e5 Be6 (27... Qe6 $14) 28. h4 $16 gxh4 29. Qxh6 ({White must play} 29. gxh4 $16 Bf5 30. Bd5) 29... hxg3 $11 {[%csl Gg3][%cal Rb6f2]} 30. Re3 gxf2+ 31. Kxf2 {aiming for Ke1.} Bf5 32. e6 (32. Qxb6 $11 cxb6 33. Rc3) 32... fxe6 $17 33. Qg5+ Kf7 34. Bf3 Qd4 {Threatens to win with ...Rg8.} 35. Bh5+ (35. Qg3 $17 Kf6 36. Qxc7) 35... Kf8 $19 36. Kf1 Rd8 $1 37. Rg3 Qa1+ $2 (37... Rd7 $19 38. Qg8+ Ke7 39. Rg7+ Kf6 40. Qf8+ Ke5 41. Rxd7 Qxd7 42. Qc5+ Kf6 43. Qf8+ Kg5) 38. Kf2 $11 {[%cal Rg5d8]} Qd4+ $2 (38... Qb2+ $11 39. Kf1 Rd5 40. Qg8+ Ke7 41. Rg7+ Kd6 42. Qd8+ Ke5 $1 {[%mdl 512]} 43. Qxc7+ Ke4) 39. Kf1 $1 $19 Qa1+ $2 (39... Rd7 $19 {White must now prevent ...Rg7.} 40. Qg8+ Ke7 41. Rg7+ Kf6 42. Rxd7 Qxd7 43. Qf8+ Kg5) 40. Kg2 {[%cal Rg5d8]} Qb2+ 41. Kg1 {[%cal Rg5d8]} Qa1+ 42. Kh2 (42. Kf2 $11 {remains equal.} Qd4+ 43. Kf1) 42... Qb2+ (42... Qd4 $1 $17 43. Qg8+ (43. Rg2 $2 Rd7 $19) 43... Ke7 44. Rg7+ Kf6 45. Rf7+ Ke5 46. Qg7+ Kd5 47. Bf3+ Be4 48. Qxd4+ Kxd4 49. Bxe4 Kxe4 50. Rxc7 Rd3 51. Rxb7 Rxa3) 43. Kh1 $2 (43. Kg1 $1 $11 {and White has nothing to worry.} Qd4+ 44. Kf1) 43... Qb1+ $2 (43... Be4+ $19 44. Kg1 Rd5 45. Qg8+ Ke7 46. Rg7+ Kd6 $1 {[%mdl 512]} 47. Qf8+ Kc6 48. Be8+ Kb6 49. Qf2+ Qxf2+ 50. Kxf2 a5) 44. Rg1 $2 {[%mdl 8192]} (44. Kh2 $11 Qb2+ 45. Kg1 Qd4+ 46. Kf1) 44... Qe4+ $2 (44... Be4+ 45. Bf3 Bxf3+ 46. Kh2 Qh7+ 47. Kg3 Rd3 48. Qf6+ Ke8 49. Qxe6+ Kd8 50. Qf6+ Ke8 51. Qe6+ Kd8 52. Qf6+ Kd7 53. Qxf3 Rxf3+ 54. Kxf3 Qd3+ 55. Kf2 Qd4+ 56. Kf1 Qa1+ 57. Kf2 Qb2+ 58. Ke1 Qxa3 59. Rg7+ Ke6) 45. Rg2 {[%cal Rg5d8]} Qe1+ 46. Kh2 {[%cal Rg5d8]} Qe5+ 47. Rg3 {[%cal Rg5d8]} Qb2+ $2 (47... Rd3 $19 {...Rxg3 is the strong threat.} 48. Bf3 b6) 48. Kh1 $2 (48. Kg1 $11 Qd4+ 49. Kf1) 48... Qb1+ $2 (48... Be4+ $19 49. Kg1 Rd5 50. Qg8+ Ke7 51. Rg7+ Kd6 $1 {[%mdl 512]} 52. Qf8+ Kc6 53. Be8+ Kb6 54. Qf2+ Qxf2+ 55. Kxf2 Bf5) 49. Rg1 $2 {[%mdl 8192]} (49. Kh2 $11 Qb2+) 49... Qe4+ $2 (49... Be4+ $19 {is more deadly.} 50. Kh2 Qb2+ 51. Rg2 Qxg2+ 52. Qxg2 Bxg2 53. Kxg2 Rd3) 50. Rg2 $17 {[%cal Rg5d8] [#]} Qe1+ (50... Qd4 $1 $17 51. Qg8+ Ke7 52. Rg7+ Kf6 53. Qf7+ Ke5 54. Qxc7+ Rd6) 51. Kh2 $11 {[%cal Rg5d8]} Qe5+ 52. Qg3 $4 {[%mdl 8192] White is on the road to losing.} (52. Rg3 $1 $11 Rd3 53. Bf3) 52... Qxg3+ $19 53. Kxg3 {[%mdl 4096] Endgame KRB-KRB} (53. Rxg3 $142 Rd2+ 54. Kg1) 53... Rd3+ 54. Kf4 Ke7 {Hoping for ...Kf6.} 55. Ke5 (55. Rg7+ $142 Kd6 56. Be8 Rd4+ 57. Ke3) 55... Rd5+ 56. Kf4 Kd6 57. Rg8 $2 (57. Be2 {was worth a try.}) 57... Rd4+ 58. Ke3 Ke5 59. Rb8 $2 (59. Be2) 59... Rd3+ 60. Kf2 Rxa3 61. Rxb7 c6 62. Rb6 Be4 63. Be2 $2 (63. Be8) 63... Bd5 $2 (63... Kd4 $19 {Strongly threatening ...Ra2.} 64. Bxa6 Rf3+ 65. Ke2 Rg3) 64. Rb8 $2 {[%mdl 8192]} (64. Rxa6 $17 {nothing else works.} Rb3 65. Ra4) 64... Kd4 65. Rh8 e5 66. Rh4+ e4 67. Rg4 Ra2 68. Ke1 Ke3 (68... Be6 $142 69. Rg6 Ra1+ 70. Kf2 e3+ 71. Kf3 Bd5+ 72. Kf4 Ra2) 69. Rg3+ Kd4 (69... Kf4 $142 70. Rh3 Ke5) 70. Rg4 $1 Ke3 (70... Be6 $142 71. Rg6 Ra1+ 72. Kf2 e3+ 73. Kf3 Bd5+ 74. Kf4 Ra2) 71. Rg3+ {[#]} Kd4 $2 (71... Kf4 $1 $19 {[%cal Rf4g3]} 72. Rh3 Ke5) 72. Rh3 $2 {[%mdl 8192]} (72. Rg4 $11 Kc3 73. Rh4) 72... Ra1+ 73. Kf2 Ra2 $2 (73... Ra4 $19 74. Rh6 Rxb4 75. Bxa6 e3+ 76. Kg3 Rb2 77. Rh4+ Be4) 74. Kf1 $2 {[%mdl 8192]} (74. Ke1 $11 e3 75. Rh4+ Kc3 76. Bh5) 74... Ra1+ 75. Kf2 Ra2 76. Ke1 Ra1+ $2 (76... e3 $19 {And now ...Ra1+ would win.} 77. Rh4+ Kc3) 77. Bd1 $2 {[%mdl 8192]} (77. Kf2 $11 a5 78. bxa5) 77... e3 {Black mates.} 78. Rh4+ Kd3 79. Rh6 Bf3 {[%csl Gf3][%cal Ra1d1]} 80. Rd6+ Kc3 {[%mdl 32768] Accuracy: White = 52%, Black = 54%. . An unexpected result.} 1/2-1/2